| 000 | 01016nam a22002057a 4500 | ||
|---|---|---|---|
| 999 |
_c57655 _d57655 |
||
| 003 | Ge_BSU | ||
| 005 | 20210705115102.0 | ||
| 008 | 200825s2017 ge ||||| |||| 00| 0 geo d | ||
| 020 | _a9789941947872 | ||
| 041 | _ageo | ||
| 080 | _a343(479.22)(094.5)+347.991(479.22) გ-44 | ||
| 100 |
_aგვარამაძე, გიორგი _99335 |
||
| 245 |
_aსისხლის სამართლებრივი ნორმების განმარტებები უზენაესი სასამართლოს პრაქტიკაში : _b(2004-2016) / _cგიორგი გვარამაძე, ალეკო ნაჭყებია. |
||
| 264 |
_aთბილისი : _bბონა კაუზა, _c2017. |
||
| 300 |
_a333 გვ. ; _b20 სმ. |
||
| 490 | _aიურისტის ბიბლიოთეკა | ||
| 653 | _aსამართალი | ||
| 700 |
_aნაჭყებია, ალეკო _eავტორი _99336 |
||
| 942 |
_2udc _cBK |
||